La malaria (Record no. 68775)

MARC details
000 -LEADER
campo de control de longitud fija 00584nam a2200181 i 4500
001 - NÚMERO DE CONTROL
campo de control 68775
003 - IDENTIFICADOR DE NÚMERO DE CONTROL
campo de control ES-MaACL
005 - FECHA Y HORA DE LA ÚLTIMA TRANSACCIÓN
campo de control 20250827063211.0
007 - CAMPO FIJO DE DESCRIPCIÓN FÍSICA--INFORMACIÓN GENERAL
campo de control de longitud fija t|
008 - DATOS DE LONGITUD FIJA--INFORMACIÓN GENERAL
campo de control de longitud fija 040708s1875 sp ||||1| spa d
100 1# - ENTRADA PRINCIPAL--NOMBRE DE PERSONA
Nombre de persona Gimeno, Amalio,
Fechas asociadas al nombre 1850-1936
9 (RLIN) 57076
245 13 - MENCIÓN DEL TÍTULO
Título La malaria
Resto del título : apuntes y observaciones sobre las fiebres palúdicas... /
Mención de responsabilidad, etc. por D. A. Gimeno y Cabañas.
260 ## - PUBLICACIÓN, DISTRIBUCIÓN, ETC.
Lugar de publicación, distribución, etc. Madrid :
Nombre del editor, distribuidor, etc. [s.n.],
Fecha de publicación, distribución, etc. 1875 (
Fabricante Imp. de F. García y D. Casaveva)
300 ## - DESCRIPCIÓN FÍSICA
Extensión 106 p. ;
Dimensiones 20 cm.
650 #4 - PUNTO DE ACCESO ADICIONAL DE MATERIA--TÉRMINO DE MATERIA
Término de materia o nombre geográfico como elemento de entrada Malaria.
9 (RLIN) 136452
852 ## - LOCALIZACIÓN
Ubicación ES-MaACL
Número de control de estantería T-621-F-4
Holdings
Estatus retirado Estado de pérdida Estado de daño No para préstamo Colección Biblioteca de origen Biblioteca actual Ubicación en estantería Fecha de adquisición Fuente de adquisición Total de préstamos Signatura topográfica completa Código de barras Visto por última vez Precio de reemplazo Tipo de ítem Koha
        Colección de folletos Biblioteca del Ateneo de Madrid Biblioteca del Ateneo de Madrid Depósito folletos 17/01/2008     T-621-F-4 1072009 23/02/2023 23/02/2023 Folleto